العربية والتمدن : (Record no. 12421)

MARC details
000 -الفاتح
حقل البيانات ثابتة الطول 01104nam a2200289 i 4500
003 - محدد رقم الضبط
رقم الضبط EG-ScBUE
005 - وقت وتاريخ اخر تعامل مع التسجيلة
رقم الضبط 20240715112741.0
008 - عناصر البيانات ثابتة الطول - معلومات عامة
حقل البيانات ثابتة الطول 090727s2008 le f b 001 0 ara d
020 ## - الرقم الدولى المعيارى للكتب
الرقم الدولى المعيارى للكتاب 9789953742007
020 ## - الرقم الدولى المعيارى للكتب
الرقم الدولى المعيارى للكتاب 9953452245
040 ## - مصدر الفهرسة
وكالة الفهرسة الأصلية EG-ScBUE
لغة الفهرسة ara
قواعد الوصف rda
وكالة النسخ EG-ScBUE
وكالة التعديل EG-ScBUE
043 ## - رمز المنطقة الجغرافية
رمز المنطقة الجغرافية a-le---
082 04 - رقم تصنيف ديوى العشرى
رقم الطبعة 22
رقم التصنيف 956.92034
رقم المادة د ا غ
100 1# - المدخل الرئيسى - إسم شخصى
9 (RLIN) 8136
الإسم الشخصى شربل، داغر،
الدور مؤلف.
245 12 - بيان العنوان
العنوان العربية والتمدن :
بقية العنوان فى اشتباه العلاقات بين النهضة والمثاقفة والحداثة /
بيان المسئوليه,etc شربل داغر.
250 ## - بيان الطبعة
بيان الطبعة الطبعة الأولى.
264 #1 - النشر، التوزيع
مكان الناشر او الموزع بيروت :
اسم الناشر او الموزع دار النهار للنشر،
تاريخ النشر أو التوزيع 2008.
300 ## - الوصف المادى
التعداد 265 صفحة ؛
أبعاد الوعاء 24 سم
336 ## - نوع المحتوى
source rdacontent
Carrier Type Term نص
Content Type Code txt
337 ## - نوع الوسيط
Media Type Term بدون وسيط
source rdamedia
Media Type Code n
338 ## - نوع الحامل أو الناقل
Carrier Type Term مجلد
Carrier Type Code nc
source rdacarrier
504 ## - تبصرة ببليوجرافية
تبصرة ببليوجرافية,الخ يشتمل على إرجاعات ببليوجرافية وكشافات.
651 #7 - المدخل الاضافى بالموضوع - اسم جغرافى
9 (RLIN) 8137
الاسم الجغرافي لبنان
التقسيم الفرعي العام حياة فكرية.
مصدر الرأس أو المصطلح BUEsh
651 #7 - المدخل الاضافى بالموضوع - اسم جغرافى
9 (RLIN) 8138
الاسم الجغرافي لبنان
التقسيم الفرعي العام أحوال اجتماعية.
مصدر الرأس أو المصطلح BUEsh
655 ## - مصطلح تكشيفى-نوع/شكل
التقسيم الفرعي الشكلي Reading book
942 ## - عناصر المدخل الإضافي( كوها)
مصدر التصنيف او مخطط الترفيف Dewey Decimal Classification
Koha [default] item type Book - Borrowing
Holdings
حالة التراجع حالة الفقد مصدر التصنيف او خطة الترفيف حالة تلف ليس للاعارة مجموعات كوها المكان الدائم المكان الحالي موقع الترفيف تاريخ الاكتساب Source of acquisition سعر الشراء الطبيعي تعداد مسلسل / التسلسل الزمني رقم الاستدعاء الباركود Date last seen نوع الوعاء
    Dewey Decimal Classification     Dar Amoag Central Library Central Library Second Floor 27/07/2009 Purchase 73.00 56 956.92034 د ا غ 000017614 15/07/2025 Book - Borrowing